| 000 | 00822pam a2200241 a 4500 | ||
|---|---|---|---|
| 001 | 000015771 | ||
| 005 | 20200929164140.0 | ||
| 008 | 931006s1994 nyua 001 0aeng | ||
| 020 | _a0671755862 | ||
| 040 |
_aDO-SdBNP _cDLC _dDLC _dBNPHU |
||
| 043 | _au-nz--- | ||
| 082 |
_a070.4333092 _aA748L |
||
| 100 | 1 |
_aArnett, Peter, _d1934- _935496 |
|
| 245 | 1 | 0 |
_aLive from the battlefield : _bfrom Vietnam to Bagdad, 35 years in the world's war zones / _cPeter Arnett. |
| 260 |
_aNew York : _bSimon & Schuster, _c1994. |
||
| 300 |
_a463 p. : _bill. ; _c24 cm. |
||
| 500 | _aIncludes index. | ||
| 600 | 1 | 0 |
_aARNETT, PETER, _d1934- _935497 |
| 650 | 4 |
_aCorresponsales de guerra _zNueva Zelanda _xBiografía. _935498 |
|
| 650 | 4 |
_aPeriodistas _zNueva Zelanda _xBiografía. _935499 |
|
| 910 | _aCatalogación derivada | ||
| 049 | _aBNGR | ||
| 999 |
_c15318 _d15318 |
||